<?xml version="1.0" encoding="UTF-8"?>
<record
    xmlns:xsi="http://www.w3.org/2001/XMLSchema-instance"
    xsi:schemaLocation="http://www.loc.gov/MARC21/slim http://www.loc.gov/standards/marcxml/schema/MARC21slim.xsd"
    xmlns="http://www.loc.gov/MARC21/slim">

  <leader>00773nam a22002297a 4500</leader>
  <controlfield tag="005">20250903105851.0</controlfield>
  <controlfield tag="008">250903b        |||||||| |||| 00| 0 eng d</controlfield>
  <datafield tag="020" ind1=" " ind2=" ">
    <subfield code="a">978938756794</subfield>
  </datafield>
  <datafield tag="040" ind1=" " ind2=" ">
    <subfield code="c">AL</subfield>
  </datafield>
  <datafield tag="041" ind1=" " ind2=" ">
    <subfield code="a">Kannada</subfield>
  </datafield>
  <datafield tag="082" ind1=" " ind2=" ">
    <subfield code="a">K894.9</subfield>
    <subfield code="b">GAYH</subfield>
  </datafield>
  <datafield tag="100" ind1=" " ind2=" ">
    <subfield code="a">N Gayathri </subfield>
    <subfield code="9">238373</subfield>
  </datafield>
  <datafield tag="100" ind1=" " ind2=" ">
    <subfield code="b">&#xC8E;&#xCA8;&#xCCD; &#xC97;&#xCBE;&#xCAF;&#xCA4;&#xCCD;&#xCB0;&#xCBF; </subfield>
    <subfield code="9">238374</subfield>
  </datafield>
  <datafield tag="245" ind1=" " ind2=" ">
    <subfield code="a">H V Savitramma</subfield>
    <subfield code="b">&#xC8E;&#xC9A;&#xCCD; &#xCB5;&#xCBF; &#xCB8;&#xCBE;&#xCB5;&#xCBF;&#xCA4;&#xCCD;&#xCB0;&#xCAE;&#xCCD;&#xCAE; </subfield>
  </datafield>
  <datafield tag="260" ind1=" " ind2=" ">
    <subfield code="a">New Delhi</subfield>
    <subfield code="b">Sahitya Akademi</subfield>
    <subfield code="c">2018</subfield>
  </datafield>
  <datafield tag="300" ind1=" " ind2=" ">
    <subfield code="a">95 p.</subfield>
    <subfield code="b">PB</subfield>
    <subfield code="c">22x14 cm.</subfield>
  </datafield>
  <datafield tag="365" ind1=" " ind2=" ">
    <subfield code="a">3048-3049</subfield>
    <subfield code="b">&#x20B9;70.00</subfield>
    <subfield code="c">&#x20B9;</subfield>
    <subfield code="d">&#x20B9;100.00</subfield>
    <subfield code="f">14-08-2025</subfield>
  </datafield>
  <datafield tag="440" ind1=" " ind2=" ">
    <subfield code="a">Bharatiya sahitya nirmapakaru </subfield>
    <subfield code="9">238375</subfield>
  </datafield>
  <datafield tag="440" ind1=" " ind2=" ">
    <subfield code="a">&#xCAD;&#xCBE;&#xCB0;&#xCA4;&#xCC0;&#xCAF; &#xCB8;&#xCBE;&#xCB9;&#xCBF;&#xCA4;&#xCCD;&#xCAF; &#xCA8;&#xCBF;&#xCB0;&#xCCD;&#xCAE;&#xCBE;&#xCAA;&#xC95;&#xCB0;&#xCC1;</subfield>
    <subfield code="9">238376</subfield>
  </datafield>
  <datafield tag="650" ind1=" " ind2=" ">
    <subfield code="a">Monograph</subfield>
    <subfield code="9">238377</subfield>
  </datafield>
  <datafield tag="942" ind1=" " ind2=" ">
    <subfield code="2">ddc</subfield>
    <subfield code="c">BK</subfield>
  </datafield>
  <datafield tag="999" ind1=" " ind2=" ">
    <subfield code="c">240408</subfield>
    <subfield code="d">240408</subfield>
  </datafield>
  <datafield tag="952" ind1=" " ind2=" ">
    <subfield code="0">0</subfield>
    <subfield code="1">0</subfield>
    <subfield code="2">ddc</subfield>
    <subfield code="4">0</subfield>
    <subfield code="7">0</subfield>
    <subfield code="8">KAN</subfield>
    <subfield code="a">AL</subfield>
    <subfield code="b">AL</subfield>
    <subfield code="c">SK</subfield>
    <subfield code="d">2025-08-25</subfield>
    <subfield code="e">Sahitya Akademi, Bangalore-560001</subfield>
    <subfield code="g">70.00</subfield>
    <subfield code="l">0</subfield>
    <subfield code="o">K894.9 GAYH</subfield>
    <subfield code="p">077846</subfield>
    <subfield code="r">2025-09-03 11:01:23</subfield>
    <subfield code="v">100.00</subfield>
    <subfield code="w">2025-08-14</subfield>
    <subfield code="y">BK</subfield>
  </datafield>
</record>
